Keď zakvitne rumovisko životopisná črta Nancy Hamiltonovej

Bibliographic Details
Main Author: Hlinka, Anton, 1926-2011 (Author)
Format: Book
Language:Slovak
PhysicalDescription:106 s. 20 cm
Published: Trnava Spolok sv. Vojtecha 1994
ISBN:8071620580
Edition:3. vyd.

MARC

LEADER 00000cam a2200000 a 4500
001 vtls001075129
003 SK-MaSNL
005 20260301135212.0
008 250414s1994 xo d 00000dslo
015 |a SNBA1994/05 
020 |a 8071620580  |q (brož.) 
035 |a 079D954F-C653-40B3-94D2-8136635A0C32 
035 |a SNK000017961 
035 |a urn:nbn:sk:snk-am005ez5 
035 |a urn:nbn:sk:snk-amkpi1 
040 |a SNK  |b slo  |c SNK  |e AACR2 
041 0 |a slo 
044 |a xo  |c SK 
080 |a 244  |2 1981 
080 |a 929  |2 1981 
100 1 |a Hlinka, Anton,  |d 1926-2011  |4 aut  |9 92283 
245 1 0 |a Keď zakvitne rumovisko  |b životopisná črta Nancy Hamiltonovej  |c Anton Hlinka 
250 |a 3. vyd. 
260 |a Trnava  |b Spolok sv. Vojtecha  |c 1994 
300 |a 106 s.  |c 20 cm 
852 |a Slovenská národná knižnica 
919 |a 80-7162-058-0 
958 |a OND 
958 |a TL 
999 |c 759366  |d 761296 
952 |t P60, <04>, [BOOK], {604}  |a SNK  |b SNK  |y VYP  |7 0  |p 17A0131716  |o snkSD 66283 D1  |0 0  |1 0  |4 0  |d 1998-03-24  |f 1  |l 0  |r 2004-12-31 00:00:00  |w 2026-02-24 
952 |a SNK  |b SNK  |y PREZ  |7 0  |p 17A1052016  |o snkSD 66283   |0 0  |1 0  |4 0  |d 2013-07-17  |l 0  |r 2026-02-24 00:00:10  |w 2026-02-24